000 00371nam a22001217a 4500
082 _a220 PRO
100 _aSAHAR ALVI FAIZA IBAL AROOJ FATIMA
_971236
245 _aPR-SOF-1750-A HIGH GAIN REFLECTARRAY ANTENNA
260 _aISLAMABAD
_bNUST COLLEGE OF EME
_c2018
650 _aDE-ELECT-36 DECLASS
_971237
700 _aPROJECT SUPERVISOR ZUBAIR AHMAD
_971238
942 _cCR
999 _c577866
_d577866